00701nab a2200205 uc450000100070000000500170000700800410002403500110006503500210007604000130009704100080011010000360011824501150015465000160026965000130028565000270029870000320032570000280035777301100038556404920240201132921.0991113e19971201 por  a564049 a(OCoLC)819818980 ccomduadb apor10aMuñiz, Joel Augusto4auteaut12aA variancia do estimador do coeficiente de endogamia obtido pelo metodo dos momentos em uma populacao diploide aEstimadores aVarianza aAnálisis de varianza10aVencovsky, Ronald4auteaut10aBarbin, Decio4auteaut0 tRevista de Matematica e Estatistica (Sao Paulo)gVol. 15, Dic. 1997, p. 131-143w194811x0102-0811087621